[Event "LTU-ch Men 2019"]
[Site "Vilnius"]
[Date "2019.03.17"]
[Round "5.10"]
[White "Koliasnikovas, Aironas"]
[Black "Sakalauskas, Vaidas"]
[Result "1/2-1/2"]
[WhiteElo "1860"]
[BlackElo "2346"]
[Annotator "TA"]
[PlyCount "43"]
[EventDate "2019.??.??"]
[EventCountry "LTU"]
[SourceTitle "playchess.com"]
[Source "ChessBase"]
[SourceQuality "1"]

{[%evp 24,43,-14,-25,0,-32,0,-10,4,7,12,0,24,17,22,22,33,17,47,63,225,216]} 1. d4 d5 2. Nf3 e6 3. c4 dxc4 4. Nc3 a6 5. a4 c5 6. e3 Nf6 7. Bxc4 Nc6 8. O-O Qc7 9. Qe2 Bd6 10. dxc5 Bxc5 11. Rd1 O-O 12. h3 b6 13. e4 Nd7 {D27: Queen's Gambit Accepted: Classical main line: 7 e4!? and 7 a4} 14. Bg5 (14. Be3 Bxe3 15. Qxe3 Nb4 16. Qe2 Bb7 17. Rac1 Nc5 18. Qe3 Rad8 19. Be2 Rxd1+ 20. Rxd1 h6 21. Qd4 {0-1 (61) Akobian,V (2662)-Kovalyov,A (2641) Tbilisi 2017}) 14... Nde5 15. Nxe5 Qxe5 {The position is equal.} 16. Qg4 Bxf2+ $146 ({Predecessor:} 16... f5 17. Qh4 f4 18. Nd5 h6 19. Bxf4 Qxe4 20. Bg3 Qxh4 21. Bxh4 {1-0 (38) Jansson,J (2256)-Moen,A (2268) Trondheim 2004}) 17. Kxf2 {aiming for Be3.} f5 18. exf5 Rxf5+ {[%mdl 64] [#] Double Attack} 19. Kg1 Rxg5 20. Qe2 Qc5+ 21. Kh1 $1 {[%mdl 1024] Black must now prevent Ne4. White has compensation.} Qe7 $2 {[#]} (21... Re5 $14 22. Qg4 h5) 22. Qe4 $1 1/2-1/2

[Event "LTU-ch Men 2019"]
[Site "Vilnius"]
[Date "2019.03.17"]
[Round "5.11"]
[White "Jablokov, Dmitrij"]
[Black "Juknis, Paulius"]
[Result "1/2-1/2"]
[WhiteElo "1859"]
[BlackElo "2219"]
[Annotator "NA"]
[PlyCount "42"]
[EventDate "2019.??.??"]
[EventCountry "LTU"]
[SourceTitle "playchess.com"]
[Source "ChessBase"]
[SourceQuality "1"]
[TimeControl "5400+30"]

1. d4 {[%emt 0:00:00]} d5 {[%emt 0:00:00]} 2. c4 {[%emt 0:00:00]} c6 {[%emt 0:00:00]} 3. Nc3 {[%emt 0:00:00]} Nf6 {[%emt 0:00:08]} 4. e3 {[%emt 0:00:30]} e6 {[%emt 0:00:10]} 5. Nf3 {[%emt 0:00:04]} a6 {[%emt 0:00:07]} 6. Bd3 {[%emt 0:02:30]} dxc4 {[%emt 0:00:10]} 7. Bxc4 {[%emt 0:00:04]} b5 {[%emt 0:00:07]} 8. Bd3 {[%emt 0:00:13]} c5 {[%emt 0:00:09]} 9. dxc5 {[%emt 0:02:39]} Bxc5 {[%emt 0:00:10]} 10. O-O {[%emt 0:00:18]} Bb7 {[%emt 0:00:17]} 11. a3 {[%emt 0:00:33]} O-O {[%emt 0:03:26]} 12. b4 {[%emt 0:00:07] D37: Queen's Gambit Declined: 5 Bf4} Ba7 {[%emt 0:05:27]} 13. Bb2 {[%emt 0:07:30]} Nbd7 {[%emt 0:02:50]} 14. Qe2 {[%emt 0:00:11]} Qe7 {[%emt 0:07:25]} 15. Rfd1 {[%emt 0:01:52]} Rfd8 $146 {[%emt 0:02:06]} ({Predecessor:} 15... Rac8 16. Ng5 {0-1 (37) Olafsson,F-Hjartarson,J (2415) Reykjavik 1984}) 16. Rac1 {[%emt 0:03:26]} Rac8 {[%emt 0:05:27]} 17. Nb1 {[%emt 0:05:08]} Rxc1 {[%emt 0:07:44]} 18. Rxc1 {[%emt 0:00:50]} Bb8 {[%emt 0:01:15]} 19. Nbd2 {[%emt 0:00:41]} Qd6 {[%emt 0:07:59]} 20. Rd1 {[%emt 0:02:34]} Nf8 {[%emt 0:09:06]} 21. Nf1 {[%emt 0:00:46]} Qe7 $11 {[%emt 0:08:32]} 1/2-1/2

[Event "LTU-ch Men 2019"]
[Site "Vilnius"]
[Date "2019.03.17"]
[Round "5.12"]
[White "Stremavicius, Pijus"]
[Black "Pluta, Paulius"]
[Result "1/2-1/2"]
[WhiteElo "2079"]
[BlackElo "1846"]
[Annotator "NA"]
[PlyCount "56"]
[EventDate "2019.??.??"]
[EventCountry "LTU"]
[SourceTitle "playchess.com"]
[Source "ChessBase"]
[SourceQuality "1"]
[TimeControl "5400+30"]

1. Nf3 {[%emt 0:00:00]} c5 {[%emt 0:00:55]} 2. e4 {[%emt 0:00:00]} e6 {[%emt 0:00:07]} 3. d4 {[%emt 0:00:00]} cxd4 {[%emt 0:00:04]} 4. Nxd4 {[%emt 0:00:00]} Nc6 {[%emt 0:00:11]} 5. Nc3 {[%emt 0:00:00]} Qc7 {[%emt 0:00:12]} 6. Nxc6 {[%emt 0:00:48]} bxc6 {[%emt 0:00:40]} 7. Bd3 {[%emt 0:00:05]} Bb4 {[%emt 0:02:55] B47: Sicilian: Taimanov: 5 Nc3 Qc7 6 f4, 6 g3 and 6 Be2} (7... Nf6 8. O-O e5 9. Kh1 Be7 10. f4 d6 11. Qf3 Rb8 12. fxe5 dxe5 13. b3 O-O 14. Bg5 Be6 15. Nd1 Rfd8 16. Ne3 Ne8 17. Bxe7 Qxe7 {0-1 (58) Khachiyan,M (2522)-Ramirez Alvarez,A (2568) chess.com INT 2018}) 8. O-O {[%emt 0:00:12]} Ne7 $146 {[%emt 0:00:54]} ({Predecessor:} 8... Bxc3 9. bxc3 Ne7 10. Ba3 c5 11. c4 O-O 12. f4 Bb7 13. f5 Qe5 14. Rb1 Bc6 15. Bb2 {0-1 (26) Babic,M (1767)-Lee,M (1646) Melbourne 2002}) 9. Ne2 {[%emt 0:04:54]} d5 {[%emt 0:02:02]} 10. a3 {[%emt 0:00:22]} Bd6 {[%emt 0:00:21]} 11. f4 {[%emt 0:00:08]} Bc5+ {[%emt 0:03:34]} 12. Kh1 {[%emt 0:00:08]} O-O {[%emt 0:00:05]} 13. b4 {[%emt 0:01:41]} Bb6 {[%emt 0:00:04]} 14. c4 {[%emt 0:00:12]} dxc4 {[%emt 0:04:17]} 15. Bxc4 {[%emt 0:00:14]} a5 {[%emt 0:00:05]} 16. Bb2 {[%emt 0:01:09]} Ba6 {[%emt 0:03:01]} 17. Bxa6 {[%emt 0:04:59]} Rxa6 {[%emt 0:00:06]} 18. Qd3 {[%emt 0:00:09]} Qc8 {[%emt 0:04:43]} 19. f5 {[%emt 0:01:50]} exf5 {[%emt 0:01:57]} 20. exf5 {[%emt 0:01:21]} f6 {[%emt 0:00:06]} 21. Ng3 {[%emt 0:14:32]} (21. Rae1 $14) 21... axb4 {[%emt 0:04:56]} 22. Nh5 {[%emt 0:02:22]} Nd5 {[%emt 0:02:59]} 23. axb4 {[%emt 0:02:07]} Rxa1 {[%emt 0:00:09]} 24. Bxa1 {[%emt 0:00:07]} Qe8 {[%emt 0:01:21]} 25. Ng3 $17 {[%emt 0:03:57]} Nxb4 {[%emt 0:03:55]} 26. Qd6 {[%emt 0:05:54]} Nd5 {[%emt 0:03:08]} 27. Rc1 {[%emt 0:03:38]} Bc7 {[%emt 0:00:53]} 28. Qxc6 {[%emt 0:01:46]} Qxc6 {[%emt 0:00:27]} 1/2-1/2

[Event "LTU-ch Men 2019"]
[Site "Vilnius"]
[Date "2019.03.17"]
[Round "5.13"]
[White "Ketlerius, Arijus"]
[Black "Narmontas, Raimondas"]
[Result "0-1"]
[WhiteElo "1841"]
[BlackElo "2019"]
[Annotator "NA RC"]
[PlyCount "52"]
[EventDate "2019.??.??"]
[EventCountry "LTU"]
[SourceTitle "playchess.com"]
[Source "ChessBase"]
[SourceQuality "1"]
[TimeControl "5400+30"]

1. Nf3 {[%emt 0:00:00]} e6 {[%emt 0:00:25]} 2. c4 {[%emt 0:00:00]} f5 {[%emt 0:00:06]} 3. g3 {[%emt 0:00:04]} Nf6 {[%emt 0:00:05]} 4. Bg2 {[%emt 0:00:10]} d5 {[%emt 0:00:26]} 5. O-O {[%emt 0:00:16]} c6 {[%emt 0:00:45]} 6. b3 {[%emt 0:00:27]} Bd6 {[%emt 0:00:29]} 7. Bb2 {[%emt 0:00:12]} O-O {[%emt 0:00:36]} 8. d3 {[%emt 0:00:51]} Nbd7 {[%emt 0:00:43]} 9. Nbd2 {[%emt 0:00:28]} e5 {[%emt 0:01:36]} 10. cxd5 {[%emt 0:07:24] A10: English Opening: Unusual Replies for Black} cxd5 {[%emt 0:01:02]} 11. e4 {[%emt 0:02:42]} fxe4 {[%emt 0:05:19]} 12. dxe4 {[%emt 0:00:06]} d4 {[%emt 0:00:06]} 13. Nc4 {[%emt 0:01:24]} Qe7 {[%emt 0:02:54]} (13... Bc7 14. Ba3 Re8 15. Qe2 Nf8 16. Ne1 a5 17. Nd3 b5 {½-½ (49) Galchenko,M (2336)-Sundararajan,K (2444) Pardubice 2017}) 14. Nxd6 {[%emt 0:06:32]} Qxd6 {[%emt 0:00:14]} 15. a4 $146 {[%emt 0:01:14]} ({Predecessor:} 15. Ne1 Nc5 16. Ba3 b6 17. Nd3 Ba6 18. Bxc5 bxc5 {1-0 (35) Oginski,U (1769)-Neumann,T (2151) Berlin 2016}) 15... Nc5 {[%emt 0:11:12] [#]} 16. Nd2 {[%emt 0:14:48]} (16. Bxd4 $1 $16 {[%mdl 512]} exd4 17. e5 {[%mdl 64] Double Attack}) 16... b6 {[%emt 0:06:29] [#]} 17. Nc4 {[%emt 0:11:06]} (17. b4 $1 $16) 17... Qe6 {[%emt 0:03:48] [#]} 18. Re1 {[%emt 0:22:46]} (18. Nxe5 $1 $14 {[%mdl 512]} Qxe5 19. Bxd4) 18... Ba6 {[%emt 0:04:37] [#]} (18... Bb7 $15) 19. Bf1 $2 {[%emt 0:02:20]} (19. Nxe5 $1 $14 {[%mdl 512]} Rad8 (19... Qxe5 20. Bxd4) 20. Bxd4) 19... Nfxe4 {[%emt 0:03:12]} 20. f3 {[%emt 0:02:01] [#]} Ng5 $1 {[%emt 0:23:05]} 21. Nxe5 {[%emt 0:09:29]} (21. Rxe5 $17 Nxf3+ 22. Qxf3 Rxf3 23. Rxe6 Nxe6 24. Nd2 Rxf1+ 25. Nxf1) 21... Bxf1 {[%emt 0:00:10]} 22. Kxf1 {[%emt 0:01:38]} Rad8 $2 {[%emt 0:00:19]} (22... Nd7 23. Qe2 Nxe5) 23. f4 {[%emt 0:06:34]} Qd5 $19 {[%emt 0:00:43]} ({Not} 23... Nxb3 24. Ra3 $17) ({Worse is} 23... Qxb3 24. Qxb3+ Nxb3 25. Rad1 $11) 24. Qh5 {[%emt 0:06:42]} Qh1+ {[%emt 0:01:53]} 25. Kf2 {[%emt 0:01:32]} Nge4+ {[%emt 0:00:28]} 26. Ke2 d3+ 0-1

[Event "LTU-ch Men 2019"]
[Site "Vilnius"]
[Date "2019.03.17"]
[Round "5.14"]
[White "Greicius, Pijus"]
[Black "Indriunas, Matas"]
[Result "1/2-1/2"]
[WhiteElo "1589"]
[BlackElo "1908"]
[Annotator "NA RC"]
[PlyCount "44"]
[EventDate "2019.??.??"]
[EventCountry "LTU"]
[SourceTitle "playchess.com"]
[Source "ChessBase"]
[SourceQuality "1"]
[TimeControl "5400+30"]

1. d4 {[%emt 0:00:00]} g6 {[%emt 0:00:00]} 2. Bf4 {[%emt 0:00:00]} Bg7 {[%emt 0:00:00]} 3. Nf3 {[%emt 0:00:33]} d6 {[%emt 0:00:05]} 4. c3 {[%emt 0:00:56]} Nd7 {[%emt 0:00:32]} 5. h3 {[%emt 0:00:42]} e5 {[%emt 0:00:37]} 6. dxe5 {[%emt 0:07:01]} dxe5 {[%emt 0:00:15]} 7. Bh2 {[%emt 0:00:08]} Qe7 {[%emt 0:00:36]} 8. e3 {[%emt 0:00:15]} Ngf6 {[%emt 0:01:28]} 9. Be2 {[%emt 0:03:11]} O-O {[%emt 0:00:23]} 10. O-O {[%emt 0:00:41]} c6 {[%emt 0:02:57]} 11. Nbd2 {[%emt 0:04:02]} Ne8 {[%emt 0:01:47]} 12. a4 {[%emt 0:02:01]} Nc7 {[%emt 0:04:34]} 13. Qc2 {[%emt 0:03:31]} f5 {[%emt 0:08:00]} 14. Rfe1 {[%emt 0:02:21]} g5 {[%emt 0:07:26]} 15. Nc4 {[%emt 0:01:13]} h5 {[%emt 0:08:36]} 16. Rad1 {[%emt 0:12:10]} g4 {[%emt 0:16:09]} 17. hxg4 {[%emt 0:00:07]} hxg4 {[%emt 0:00:53]} 18. Nfd2 {[%emt 0:10:26]} Qg5 $18 {[%emt 0:26:27]} (18... Qe6 $14) 19. Bd3 {[%emt 0:06:38]} Kh8 {[%emt 0:05:47]} 20. Nd6 {[%emt 0:02:46]} Nc5 {[%emt 0:00:24]} 21. N2c4 {[%emt 0:02:27]} Nxd3 {[%emt 0:01:58]} 22. Qxd3 {[%emt 0:01:28]} Qe7 {[%emt 0:01:13]} 1/2-1/2

[Event "LTU-ch Men 2019"]
[Site "Vilnius"]
[Date "2019.03.18"]
[Round "6.1"]
[White "Laurusas, Tomas"]
[Black "Malisauskas, Vidmantas"]
[Result "1-0"]
[WhiteElo "2495"]
[BlackElo "2451"]
[Annotator "TA"]
[PlyCount "115"]
[EventDate "2019.??.??"]
[EventCountry "LTU"]
[SourceTitle "playchess.com"]
[Source "ChessBase"]
[SourceQuality "1"]

{[%evp 20,115,0,-84,8,10,5,12,6,6,1,7,6,7,0,23,10,-9,96,88,87,81,79,84,64,56,108,108,210,191,319,276,262,141,167,148,229,186,246,253,251,51,122,35,35,35,70,103,91,87,81,43,49,50,52,69,179,35,35,0,175,763,150,0,0,0,0,0,0,0,0,0,0,0,0,0,0,0,131,130,130,130,150,127,106,58,58,58,58,58,5129,2362,6079,6079,5077,66,5122,5114]} 1. d4 Nf6 2. c4 e6 3. g3 d5 4. Nf3 Be7 5. Bg2 O-O 6. O-O dxc4 7. Na3 Bxa3 8. bxa3 Nc6 9. Bb2 Rb8 {E05: Open Catalan: 5 Nf3 Be7} 10. Qc2 b5 11. Rad1 {LiveBook: 15 Games} (11. Rfd1 $11 {keeps the balance.}) 11... Bb7 (11... Nd5 $1 $17) 12. Ng5 $11 h6 {[#]} 13. d5 $1 {[%mdl 512]} Nb4 (13... exd5 14. Bxf6) 14. axb4 hxg5 15. dxe6 Qe7 16. exf7+ Rxf7 17. Bxb7 Rxb7 18. Qf5 $146 c6 (18... Nd7 $11 19. Qd5 Rb8) 19. Qc8+ $16 (19. Qxg5 $6 Nd5 $11) 19... Rf8 20. Qxc6 Rb6 21. Bxf6 $1 gxf6 22. Qd5+ Kg7 (22... Qe6 $14) 23. h4 gxh4 (23... a6 $16) 24. Rd4 $1 $18 {[%cal Rd4g4]} (24. gxh4 f5 $11) 24... Qe6 (24... f5 $142) 25. Qh5 (25. gxh4 Qxd5 26. Rxd5 Rh8 $11) 25... f5 {Black wants to play ...hxg3.} 26. Qxh4 ({White has to play} 26. Rxh4 $18 Qg6 27. Qf3) 26... Rf7 27. Rfd1 Qe7 (27... c3 $16 28. Rd8 Qh6) 28. Qf4 $1 Qxe2 (28... c3 $142 29. Qf3 c2) 29. Rd7 Kg6 30. Rd8 $2 (30. R1d6+ $1 $18 Rxd6 31. Qxd6+ Rf6 32. Qc7 Qe1+ 33. Kg2 Qe4+ 34. Kh2) 30... Qe4 (30... Rbf6 $1 $14) 31. R1d6+ (31. Rg8+ $6 Kh7 $11) ({Better is} 31. Qd2 $1 $16 Rh7 32. Rg8+ Kf7 33. Qd7+ Qe7 34. Qxf5+ Kxg8 35. Qc8+ Kg7 36. Rd7 Qxd7 37. Qxd7+ Kh6 38. Qh3+ Kg7 39. Qg4+ Kf6 40. Qf4+ Kg6 41. a4 $1 {[%mdl 512]}) 31... Rxd6 $14 32. Qxd6+ {[%mdl 4096] Endgame KQR-KQR} Kg7 33. Qd1 $1 {[%cal Rd1h5]} Qe7 34. Rd6 f4 35. gxf4 Qh4 $1 36. Qd4+ Kh7 37. Qe4+ Kh8 (37... Kg8 $1 $14) 38. Qe5+ (38. Rg6 $18 Rg7 39. Qa8+ Kh7 40. Rxg7+ Kxg7 41. Qxa7+ Kg8 42. Qa8+ Kg7 43. Qb7+ Kg6 44. Qe4+ (44. Qxb5 Qg4+ 45. Kh2 Qxf4+ 46. Kg1 Qg4+ 47. Kh2 Qf4+ 48. Kg2 Qg4+ 49. Kh2 Qf4+ $11) 44... Kg7 45. Qd4+ Kf8 46. Qc5+ Kg7 47. Qe5+ (47. Qxb5 Qg4+ 48. Kf1 Qd1+ 49. Kg2 Qg4+ 50. Kf1 Qd1+ 51. Kg2 Qg4+ 52. Kf1 $11) 47... Kh7 48. Qe4+ (48. Qxb5 Qg4+ 49. Kh2 Qh4+ 50. Kg1 Qg4+ 51. Kh2 Qh4+ 52. Kg1 $11) 48... Kh6 49. Qe6+ Kg7 50. Qf5) 38... Kh7 39. Qe4+ (39. Rd5 $14) 39... Kh8 $18 40. Rg6 {Qe8+ would kill now.} Rg7 {[#]} 41. Qe8+ (41. Qd4 $1 $16 {[%csl Gg6][%cal Rd4g7]} Qh6 42. Rg5) 41... Kh7 $11 42. f5 Qd4 43. Qc6 Qe5 44. Kf1 {Hoping for Rh6+.} Qa1+ 45. Kg2 Qe5 46. Rxg7+ Qxg7+ {KQ-KQ} 47. Kf3 Qc3+ 48. Ke4 Qd3+ {[#]} (48... Qe1+ $11 49. Kf4 Qxf2+ 50. Kg4 Qd4+ 51. Kf3 Qc3+ 52. Kf4 Qxb4) 49. Ke5 $1 $16 {Black must now prevent Qg6+.} Qe2+ 50. Kf6 {Intending Qc7+ and mate.} Qb2+ 51. Ke6 {Threatens to win with Qh1+.} Qxf2 52. f6 ({Much worse is} 52. Qxb5 c3 $11) 52... Qe2+ 53. Kf7 Qh5+ 54. Kf8 Qh6+ $2 {[%mdl 8192]} (54... Qe5 $14) 55. Ke7 $18 Qe3+ 56. Kf7 {White threatens Qh1+ and mate.} Kh6 57. Kf8 $2 (57. Qg2 $18 {[%csl Gf7][%cal Rg2g6]} Qd3 58. Qh1+ Kg5 59. Qg1+ Kh6 60. Qh2+ Kg5 61. Qe5+ Kh6 62. Ke7) 57... c3 $2 {[%mdl 8192]} (57... Qe5 $14) 58. f7+ {Precision: White = 45%, Black = 40%.} 1-0

[Event "LTU-ch Men 2019"]
[Site "Vilnius"]
[Date "2019.03.18"]
[Round "6.2"]
[White "Baginskaite, Camilla"]
[Black "Brazdzionis, Andrius"]
[Result "1/2-1/2"]
[WhiteElo "2136"]
[BlackElo "2311"]
[Annotator "TA"]
[PlyCount "36"]
[EventDate "2019.??.??"]
[EventCountry "LTU"]
[SourceTitle "playchess.com"]
[Source "ChessBase"]
[SourceQuality "1"]

{[%evp 15,36,11,25,9,9,10,14,8,8,8,8,8,0,6,12,12,11,0,12,3,37,32,34]} 1. d4 Nf6 2. c4 e6 3. Nf3 d5 4. Nc3 Bb4 5. Bg5 h6 6. Bxf6 Qxf6 7. e3 O-O 8. Rc1 Nc6 9. a3 {D38: Queen's Gambit Declined: Ragozin Defence (4 Nf3 Bb4)} (9. Be2 {seems wilder.} dxc4 10. Bxc4 Bxc3+ 11. bxc3 b6 12. Bd3) (9. cxd5 exd5 10. Bd3 Ne7 11. a3 Bxc3+ 12. bxc3 c5 13. dxc5 Bg4 14. Be2 Rfc8 15. Qd4 Bxf3 16. gxf3 b6 17. Qxf6 gxf6 18. cxb6 axb6 {½-½ (59) Giri,A (2780)-Harikrishna,P (2743) Batumi 2018}) 9... Bxc3+ $1 10. Rxc3 dxc4 11. Bxc4 {The position is equal.} e5 12. dxe5 Nxe5 13. Nxe5 Qxe5 14. O-O Bf5 15. Qb3 Rab8 $146 ({Predecessor:} 15... b6 16. Rd1 c5 {½-½ (35) Sergiev,S (2260)-Lyashenko,S (2089) ICCF email 2006}) 16. Rd1 c6 17. h3 b5 18. Bd3 c5 1/2-1/2

[Event "LTU-ch Men 2019"]
[Site "Vilnius"]
[Date "2019.03.18"]
[Round "6.3"]
[White "Chocenka, Dmitrijus"]
[Black "Kalvaitis, Sigitas"]
[Result "1/2-1/2"]
[WhiteElo "2287"]
[BlackElo "2143"]
[Annotator "TA"]
[PlyCount "39"]
[EventDate "2019.??.??"]
[EventCountry "LTU"]
[SourceTitle "playchess.com"]
[Source "ChessBase"]
[SourceQuality "1"]

{[%evp 15,39,27,30,26,37,17,28,9,31,6,28,31,36,21,30,35,68,18,22,18,25,16,21,-7,-12,0]} 1. e4 e5 2. Nf3 Nf6 3. Nxe5 d6 4. Nf3 Nxe4 5. Nc3 Nxc3 6. dxc3 Be7 7. Be3 Nc6 8. Qd2 Be6 9. O-O-O {C42: Petroff Defence: 3 Nxe5 and unusual White 3rd moves} Qd7 ({Wrong is} 9... Bxa2 $2 10. b3 $18) 10. Be2 Bf6 11. Kb1 {White has an edge.} a6 12. Ng5 Bxg5 13. Bxg5 {[#]} h6 $146 ({Predecessor:} 13... f6 14. Be3 O-O-O 15. Rhe1 Rhe8 16. b3 Bg4 {0-1 (51) Ivanchuk,V (2746)-Wang,Y (2738) Sofia 2009}) 14. Bh4 Ne7 15. f4 O-O-O 16. Bf3 g5 17. Bf2 g4 18. Be2 $1 h5 19. c4 Qc6 20. Bh4 1/2-1/2

[Event "LTU-ch Men 2019"]
[Site "Vilnius"]
[Date "2019.03.18"]
[Round "6.4"]
[White "Valantiejus, Vaidotas"]
[Black "Zaksaite, Salomeja"]
[Result "1-0"]
[WhiteElo "2048"]
[BlackElo "2260"]
[Annotator "TA"]
[PlyCount "131"]
[EventDate "2019.??.??"]
[EventCountry "LTU"]
[SourceTitle "playchess.com"]
[Source "ChessBase"]
[SourceQuality "1"]

{[%evp 26,131,56,54,62,33,150,143,138,118,129,105,133,122,147,96,121,94,97,68,70,53,66,36,58,58,61,-16,0,0,52,41,78,0,0,0,0,-13,0,0,0,-27,-20,-25,-44,-193,-171,-356,-331,-336,-106,-280,-285,-320,-264,-291,-312,-325,-237,-221,-181,-189,-73,-128,45,47,39,44,48,0,98,95,95,20,134,119,261,211,394,389,364,366,249,0,249,249,249,249,249,249,462,461,583,558,543,556,539,529,29969,29973,29972,29974,29975,29975,29976,29977,29983,29984]} 1. e4 e5 2. Nf3 Nc6 3. Bb5 a6 4. Ba4 Nf6 5. O-O Be7 6. Re1 b5 7. Bb3 O-O 8. h3 d6 9. c3 Na5 10. Bc2 c5 11. d4 Qc7 12. Nbd2 cxd4 13. cxd4 Bb7 14. d5 g6 {C99: Closed Ruy Lopez: Chigorin Defence: 11 d4 Qc7 12 Nbd2 cxd4} (14... Rac8 15. Bb1 Nd7 16. Nf1 Nc4 17. Ng3 g6 18. b3 Ncb6 19. Bh6 Rfe8 20. Bd3 Nc5 21. Rc1 Qd8 22. Bc2 b4 23. Bd2 a5 24. a3 {1-0 (42) Borisek,J (2571)-Bailet,P (2518) Zillertal 2015}) 15. Nf1 Ne8 (15... Nc4 $14) 16. Bh6 $16 Ng7 {White is clearly better.} 17. Rc1 $146 ({Predecessor:} 17. Ng3 Bc8 18. Rc1 Bd7 19. Bd3 Qb6 20. b4 Nb7 21. Nd2 Rfc8 22. Nb3 {1-0 (36) Steingrimsson,H (2410)-Rorvik,J Gausdal 1995}) 17... Qd7 18. Ng3 Rac8 19. b3 $1 {[%cal Bb2b3,Bb3b4][%mdl 32]} Ba8 20. Qd2 (20. Qe2 $142) 20... Nb7 21. b4 f6 22. Nh2 Nd8 23. Ng4 Nf7 24. Be3 Kh8 25. Nh6 Bb7 26. h4 (26. a4 $14) 26... Nxh6 27. Bxh6 Qg4 (27... f5 $11) 28. h5 $1 $14 f5 {[#]} 29. hxg6 (29. exf5 $1 $16 gxf5 30. Qd1 Qxd1 31. Rexd1) 29... hxg6 $11 {White must now prevent ...f4.} 30. exf5 gxf5 31. Bd1 Qh4 {And now ...Rxc1 would win.} 32. Rxc8 Bxc8 33. Nh5 Nxh5 34. Bxf8 Bxf8 35. Qc2 (35. g3 $15 Nxg3 36. fxg3 Qxg3+ 37. Kh1) 35... Bd7 $19 36. Qc7 $2 (36. Bxh5 {was called for.} Qxh5 37. Qc7) 36... Nf6 ({Not} 36... Qxb4 37. Re3 $17) 37. Re3 Nxd5 $2 (37... Qd4 $19 38. Be2 f4) 38. Qb8 $2 {[#]} (38. Qxd7 $17 Nxe3 39. Qe8) 38... Qe7 $1 ({Stronger than} 38... Nxe3 39. Qxf8+ Kh7 40. Qf7+ Kh6 41. Qf8+ Kh7 42. Qf7+ Kh8 43. Qf8+ Kh7 $11) 39. Rh3+ Kg7 40. Rg3+ Kf6 41. Qb7 Be6 42. Qxa6 f4 43. Ra3 Qd7 ({Don't do} 43... Nxb4 44. Qxb5 d5 45. Ra8) (43... Qe8 $19 {and Black stays clearly on top. Threatens to win with ...Be7.} 44. Qb7 Be7) 44. Qa8 $17 Qc8 $2 (44... Bg7 $17 45. Bb3 Nxb4 46. Bxe6 Qxe6) 45. Qxc8 $14 Bxc8 46. Ra8 Ne7 47. Be2 d5 (47... Bg7 $11) 48. Bxb5 $16 d4 49. f3 (49. Bd3 $16) 49... Bg7 (49... Kg7 $1 $11 {keeps the balance.}) 50. a4 {[%mdl 1024] White has strong compensation.} Ke6 (50... e4 $16 {was worth a try.}) 51. a5 Bb7 $2 (51... e4) 52. Rb8 $18 Bd5 {intending ...e4.} 53. a6 e4 54. Rd8 $2 (54. fxe4 $18 Bxe4 55. a7) 54... d3 $2 (54... e3 $1 $11) 55. fxe4 Bxe4 56. a7 Bc3 57. Bxd3 Bb7 $2 (57... Bxb4 58. Bxe4 Bc5+ 59. Kf1 Bxa7) 58. b5 Ba5 59. a8=Q Bxa8 60. Rxa8 {[%mdl 4096] Endgame KRB-KBN} Bb6+ 61. Kf1 Nd5 62. Bc4 {White mates.} Kd6 63. Bxd5 Kxd5 64. Rf8 Be3 65. Ke2 Bc1 66. b6 {Accuracy: White = 40%, Black = 28%.} 1-0

[Event "LTU-ch Men 2019"]
[Site "Vilnius"]
[Date "2019.03.18"]
[Round "6.5"]
[White "Zickus, Simonas"]
[Black "Vardanyan, Aras"]
[Result "1-0"]
[WhiteElo "2330"]
[BlackElo "1916"]
[Annotator "TA"]
[PlyCount "111"]
[EventDate "2019.??.??"]
[EventCountry "LTU"]
[SourceTitle "playchess.com"]
[Source "ChessBase"]
[SourceQuality "1"]

{[%evp 18,111,37,20,37,-19,17,18,21,20,38,31,35,36,48,35,38,30,46,47,50,47,69,80,71,72,79,29,33,36,59,56,59,40,44,23,23,23,23,24,14,25,39,42,43,36,63,51,305,305,305,305,305,305,306,306,400,304,304,304,447,447,510,448,659,654,650,650,650,624,920,837,29962,29963,29974,29976,29976,29977,29977,29978,29981,29978,29979,29976,29978,29979,29980,29980,29980,29981,29982,29982,29981,29982,29982,29982]} 1. Nf3 Nf6 2. c4 c5 3. g3 g6 4. Bg2 Bg7 5. O-O O-O 6. d4 cxd4 7. Nxd4 Nc6 8. Nc2 d6 9. Nc3 Bd7 10. Bd2 Rc8 {A38: Symmetrical English vs ...g6: 4 Bg2 Bg7 5 Nf3 Nf6} (10... a6 11. b3 Qc7 12. Rc1 Rfc8 13. Ne3 Qd8 14. a4 Rab8 15. Ncd5 Nxd5 16. Nxd5 Be6 17. Bg5 h6 18. Be3 {½-½ (72) Moroni,L (2564)-Milanovic,D (2494) Skopje 2018}) 11. Ne3 ({White should try} 11. b3 $14) 11... a6 12. Rc1 Re8 {The position is equal.} 13. b3 Be6 14. Ncd5 $146 ({Predecessor:} 14. h3 Na5 15. Ncd5 Nc6 16. Bc3 Bxd5 17. cxd5 Ne5 18. Qd2 {1-0 (35) Csom,I (2425)-Klempt,G (2070) Arco 2001}) 14... Bxd5 15. cxd5 Ne5 16. Rxc8 Qxc8 17. Qb1 Qd7 18. a4 b5 19. a5 Rc8 20. h3 Qb7 21. Rd1 Ned7 22. h4 Nc5 23. Rc1 Ncd7 24. Rc6 Ne5 25. Rc2 Rc5 26. Qc1 Qc7 27. Bb4 Rxc2 28. Qxc2 Qxc2 29. Nxc2 Ned7 30. Be1 Nc5 31. b4 Ncd7 32. Nd4 Nxd5 $2 {[%mdl 8192]} ({Black should play} 32... Ng4 $14 33. Nc6 Kf8) 33. Nxb5 $1 $18 Nxb4 34. Bxb4 axb5 $14 {[%mdl 4096] Endgame KBB-KBN} 35. e3 {Strongly threatening a6.} Nb8 36. Bb7 d5 37. a6 Nxa6 38. Bxa6 e5 (38... e6 $142 39. Bxb5 f6) 39. Bxb5 $18 h6 40. Kf1 d4 (40... h5 $142 41. Bd6 e4) 41. exd4 exd4 42. Ke2 Be5 43. Kd3 f5 44. Bc5 f4 45. Bc4+ {White mates.} Kh7 46. Bxd4 Bc7 47. g4 Bd8 48. h5 g5 49. Bf7 Be7 50. Bg6+ Kg8 51. f3 Bd6 52. Ke4 Be7 {[#]} 53. Kf5 $1 Bf8 54. Ke6 Bb4 55. Be4 Be7 {[#]} 56. Bh7+ $1 {[%mdl 512] Accuracy: White = 75%, Black = 37%.} 1-0